000 00338nam a2200121 a 4500
001 000039074
005 20201002031502.0
008 130520s1954 dr 000 0 spa d
040 _aDO-SdBNP
_bspa
_cBNPHU
245 0 0 _aTrujillo :
_bun viaje de reafirmaciones.
260 _aCiudad Trujillo :
_bDel Caribe,
_c1954.
300 _a33 p. ;
_c24 cm.
999 _c38564
_d38564